Sociedades y grupos multinacionales (Registro nro. 3179)

Detalles MARC
000 -LEADER
fixed length control field 01216 a2200217 4500
001 - CONTROL NUMBER
control field 40109
005 - DATE AND TIME OF LATEST TRANSACTION
control field 20260407155656.0
008 - FIXED-LENGTH DATA ELEMENTS--GENERAL INFORMATION
fixed length control field 260407a1985 arg spa d
003 - CONTROL NUMBER IDENTIFIER
control field AR-UNSa-BCEJYS
040 ## - CATALOGING SOURCE
Original cataloging agency AR-UNSa-BCEJYS
Language of cataloging spa
Transcribing agency AR-UNSa-BCEJYS
080 ## - UNIVERSAL DECIMAL CLASSIFICATION NUMBER
Universal Decimal Classification number 347.72
Common auxiliary subdivision Sociedades comerciales
020 ## - INTERNATIONAL STANDARD BOOK NUMBER
International Standard Book Number 950-14-0259-2
041 ## - LANGUAGE CODE
Language code of text/sound track or separate title spa
100 1# - MAIN ENTRY--PERSONAL NAME
Personal name Boggiano, Antonio
245 10 - TITLE STATEMENT
Title Sociedades y grupos multinacionales
264 #1 - PRODUCTION, PUBLICATION, DISTRIBUTION, MANUFACTURE, AND COPYRIGHT NOTICE
Place of production, publication, distribution, manufacture Buenos Aires :
Name of producer, publisher, distributor, manufacturer Depalma
Date of production, publication, distribution, manufacture, or copyright notice 1985
300 ## - PHYSICAL DESCRIPTION
Extent xxiii, 336 p.
Dimensions 23 cm.
505 ## - FORMATTED CONTENTS NOTE
Formatted contents note 1. Introducción – 2. Estrategia empresaria y estructura jurídica – 3. Constitución de las sociedades comerciales – 4. Funcionamiento – 5. Fiscalización administrativa – 6. Grupos societarios – 7. Perspectivas de sociedades comunitarias en América Latina – 8. Disolución y liquidación – 9. Jurisdicción internacional sobre sociedades constituidas en el extranjero – 10. Recomendaciones de la asociación argentina de derecho internacional – 11. Contratos internacionales de colaboración empresaria – 12. Consorcio y cooperativas de exportación – 13. Compañías de comercialización internacional.
590 ## - LOCAL NOTE (RLIN)
Local note niveau_biblio:m niveau_hierar:0
942 ## - ADDED ENTRY ELEMENTS (KOHA)
Koha item type
Existencias
Withdrawn status Lost status Damaged status Not for loan Home library Current library Shelving location Date acquired Total checkouts Full call number Barcode Date last seen Price effective from Koha item type
        Biblioteca Prof. Eusebio Cleto del Rey Biblioteca Prof. Eusebio Cleto del Rey   07/04/2026   347.72 B674 L45335 07/04/2026 07/04/2026 Libro
        Biblioteca Prof. Eusebio Cleto del Rey Biblioteca Prof. Eusebio Cleto del Rey   07/04/2026   347.72 B674 L58772 07/04/2026 07/04/2026 Libro
        Biblioteca Prof. Eusebio Cleto del Rey Biblioteca Prof. Eusebio Cleto del Rey   07/04/2026   347.72 B674 L53812 07/04/2026 07/04/2026 Libro